00867nam a2200229Ia 4500999001500000020001800015082001500033245006800048260006100116300001700177440003100194504001900225650003300244650005900277650007200336650003300408700002100441700002900462700001800491942000700509952012100516 c3840d3840 a0-8058-3923-2 a659.2 GLO; 0aGlobal public relations handbook: theory, research and practice aNew JerseybLawrence Erlbaum Associates Publishersc2003 axxxvi, 564p. aLEA's Communication Series aincludes index aCommunication, Intercultural aIntercultural communications - Handbooks, manuals etc. aPublic relations - Cross-cultural studies - handbooks, manuals etc. aCross-cultural communication aBryant, Jennings aSriramesh, Krishnamurthy aVercic, Dejan cBK 00104070aNASSDOCbNASSDOCd2004-11-17eBBSi2004-10-22l0o659.2 GLO;p40211r2019-04-18 00:00:00w2019-04-18yBK